Cosmovisión Andina : (Record no. 23495)

000 -CABECERA
fixed length control field 01662nam a22003857a 4500
003 - IDENTIFICADOR DEL NÚMERO DE CONTROL
control field AR-CdUCM
008 - DATOS DE LONGITUD FIJA--INFORMACIÓN GENERAL
fixed length control field 260126b2024 pe ||||| |||| 00| 0 spa d
020 ## - NÚMERO INTERNACIONAL ESTÁNDAR DEL LIBRO
ISBN 978-612-03-0440-2
040 ## - FUENTE DE LA CATALOGACIÓN
Agencia/entidad que catalogó originalmente la obra MUNICIPALIDAD PROVINCIAL DEL CUSCO
Entidad que transcribió la catalogación BIBLIOTECA MUNICIPAL DEL CUSCO
082 ## - NÚMERO DE LA CLASIFICACIÓN DECIMAL DEWEY
No. de Clasificación 333.72 /
Notacion interna M25
100 ## - ENTRADA PRINCIPAL--NOMBRE DE PERSONA
Nombre Personal Maquera Hilario, Isidro
245 ## - MENCIÓN DE TÍTULO
Título Cosmovisión Andina :
Resto del título Recuperando la Reciprocidad Andina en el Proceso de Aprendizaje /
260 ## - PUBLICACIÓN, DISTRIBUCIÓN, ETC.
Lugar de publicación, distribución, etc. Cusco :
Nombre de la editorial, distribuidor, etc. Isidro Maquera Hilario,
Fecha de publicación, distribución, etc. 2024.
300 ## - DESCRIPCIÓN FÍSICA
Nº de Páginas Extensión 154 páginas. :
Otros detalles físicos ilustraciones ;
Dimensiones 15 x 20 cm.
500 ## - NOTA GENERAL
Bibliografía páginas 149 - 153
505 ## - NOTA DE CONTENIDO CON FORMATO
Nota de contenido formateada contenido: Reseña histórica cultural del centro poblado Umuto -- Marco histórico de la institución educativa -- La Cosmovisión Andina -- El Allin Kawsay o el Buen Vivir -- Principios -- La Pachamama -- La ceremonia de ofrenda -- Señas y señaleros naturales -- Tipos -- La iconografía en el arte textil -- La expresión artística del centro poblado....
650 ## - PUNTO DE ACCESO ADICIONAL DE MATERIA--TÉRMINO DE MATERIA
Descriptor Problematización
9 (RLIN) 52197
650 ## - PUNTO DE ACCESO ADICIONAL DE MATERIA--TÉRMINO DE MATERIA
Descriptor Aprendizajes
9 (RLIN) 50961
650 ## - PUNTO DE ACCESO ADICIONAL DE MATERIA--TÉRMINO DE MATERIA
Descriptor Estrategias
9 (RLIN) 13946
650 ## - PUNTO DE ACCESO ADICIONAL DE MATERIA--TÉRMINO DE MATERIA
Descriptor Protección de la tierra
9 (RLIN) 52198
650 ## - PUNTO DE ACCESO ADICIONAL DE MATERIA--TÉRMINO DE MATERIA
Descriptor El Ayllu
9 (RLIN) 49800
650 ## - PUNTO DE ACCESO ADICIONAL DE MATERIA--TÉRMINO DE MATERIA
Descriptor Definición
9 (RLIN) 41732
650 ## - PUNTO DE ACCESO ADICIONAL DE MATERIA--TÉRMINO DE MATERIA
Descriptor Altomisayoq
9 (RLIN) 52199
650 ## - PUNTO DE ACCESO ADICIONAL DE MATERIA--TÉRMINO DE MATERIA
Descriptor El Panteísmo
9 (RLIN) 52200
650 ## - PUNTO DE ACCESO ADICIONAL DE MATERIA--TÉRMINO DE MATERIA
Descriptor Paqarinas
9 (RLIN) 52201
700 ## - PUNTO DE ACCESO ADICIONAL--NOMBRE DE PERSONA
Nombre Personal Contreras Anaya, Wilberth
9 (RLIN) 52202
700 ## - PUNTO DE ACCESO ADICIONAL--NOMBRE DE PERSONA
Nombre Personal Huamán Huamán, Yeni
9 (RLIN) 52203
700 ## - PUNTO DE ACCESO ADICIONAL--NOMBRE DE PERSONA
Nombre Personal Loaiza Huillcahuaman, Rolando
9 (RLIN) 52204
700 ## - PUNTO DE ACCESO ADICIONAL--NOMBRE DE PERSONA
Nombre Personal Vargas Gallegos, Reynaldo
9 (RLIN) 52205
700 ## - PUNTO DE ACCESO ADICIONAL--NOMBRE DE PERSONA
Nombre Personal Yunguri Zárate, Martina
9 (RLIN) 52206
700 ## - PUNTO DE ACCESO ADICIONAL--NOMBRE DE PERSONA
Nombre Personal Wendy Gongora, Aranibar
9 (RLIN) 52207
942 ## - ELEMENTOS DE PUNTO DE ACCESO ADICIONAL (KOHA)
Fuente de clasificación
Tipo de item Libros-BMC
945 ## - PROCESAMIENTO DE INFORMACIÓN LOCAL (OCLC)
Catalogador jmcs
AAAA-MM-DD - Fecha de ingreso o modificacion 26/01/2026
Holdings
Estado de retiro (separado) Fuente de clasificación o esquema de estanterías Estado dañado Ubicación Sala donde se ubica Nombre de la colección Fecha de adquisición o compra Fuente de adquisición Costo, precio normal en soles Signatura topográfica Código de Barras Última vez visto (Koha) Tipo de ítem (Koha)
No     Sala Humanidades Sala Humanidades Book Cart 2026-01-26 Donación 15.00 333.72 / M25 SH0000017051 2026-01-26 Libros-BMC

Powered by Koha